Catholic University of Zimbabwe Library
Online Public Access Catalogue
(OPAC)

Historia general de México (Record no. 26674)

MARC details
000 -LEADER
fixed length control field 01413cam a22004214a 4500
001 - CONTROL NUMBER
control field muse85070
003 - CONTROL NUMBER IDENTIFIER
control field MdBmJHUP
005 - DATE AND TIME OF LATEST TRANSACTION
control field 20210127151708.0
006 - FIXED-LENGTH DATA ELEMENTS--ADDITIONAL MATERIAL CHARACTERISTICS
fixed length control field m o d
007 - PHYSICAL DESCRIPTION FIXED FIELD--GENERAL INFORMATION
fixed length control field cr||||||||nn|n
008 - FIXED-LENGTH DATA ELEMENTS--GENERAL INFORMATION
fixed length control field 200504r20201977mx o 00 0 spa d
020 ## - INTERNATIONAL STANDARD BOOK NUMBER
International Standard Book Number 9786075640266
035 ## - SYSTEM CONTROL NUMBER
System control number (OCoLC)1153276716
040 ## - CATALOGING SOURCE
Original cataloging agency MdBmJHUP
Transcribing agency MdBmJHUP
043 ## - GEOGRAPHIC AREA CODE
Geographic area code n-mx---
050 #4 - LIBRARY OF CONGRESS CALL NUMBER
Classification number F1226
Item number .H57 1977eb t. 1
082 0# - DEWEY DECIMAL CLASSIFICATION NUMBER
Classification number 972
Edition number 22
245 00 - TITLE STATEMENT
Title Historia general de México
Number of part/section of a work Tomo 1.
-- Tomo 1.
300 ## - PHYSICAL DESCRIPTION
Extent 1 online resource (1 online resource unpaged :) :
Other physical details illustrations, maps
500 ## - GENERAL NOTE
General note Issued as part of book collections on Project MUSE.
506 0# - RESTRICTIONS ON ACCESS NOTE
Terms governing access Open Access
Standardized terminology for access restriction Unrestricted online access
Source of term star
588 ## - SOURCE OF DESCRIPTION NOTE
Source of description note Description based on print version record.
651 #0 - SUBJECT ADDED ENTRY--GEOGRAPHIC NAME
Geographic name Mexico
General subdivision History.
655 #0 - INDEX TERM--GENRE/FORM
Genre/form data or focus term Electronic books.
Source of term local
655 #0 - INDEX TERM--GENRE/FORM
Genre/form data or focus term Electronic books.
655 #7 - INDEX TERM--GENRE/FORM
Genre/form data or focus term Electronic books.
Source of term local
700 1# - ADDED ENTRY--PERSONAL NAME
Personal name
Dates associated with a name 1898-1976,
Relator term editor.
710 2# - ADDED ENTRY--CORPORATE NAME
Corporate name or jurisdiction name as entry element Project Muse.
Relator term distributor
710 2# - ADDED ENTRY--CORPORATE NAME
Corporate name or jurisdiction name as entry element
Relator term issuing body.
710 2# - ADDED ENTRY--CORPORATE NAME
Corporate name or jurisdiction name as entry element Project Muse,
Relator term distributor.
710 2# - ADDED ENTRY--CORPORATE NAME
Corporate name or jurisdiction name as entry element Project Muse.
Relator term distributor
830 #0 - SERIES ADDED ENTRY--UNIFORM TITLE
Uniform title Book collections on Project MUSE.
830 #0 - SERIES ADDED ENTRY--UNIFORM TITLE
Uniform title Book collections on Project MUSE.
856 40 - ELECTRONIC LOCATION AND ACCESS
Public note Full text available:
Uniform Resource Identifier <a href="https://muse.jhu.edu/book/74665/">https://muse.jhu.edu/book/74665/</a>
Holdings
Withdrawn status Lost status Source of classification or shelving scheme Damaged status Not for loan Home library Current library Shelving location Date acquired Total Checkouts Full call number Date last seen Uniform Resource Identifier Price effective from Koha item type
          Digital Library Digital Library Online Access 27.01.2021   F1226 .H57 1977eb t. 1 27.01.2021 https://muse.jhu.edu/book/74665/ 27.01.2021 eBook

OPENING HOURS

Weekdays: 0815hrs - 1800hrs
Weekends:0900hrs - 1200hrs

Closed for Mass:

Mon, Thur: 1200hrs - 1300hrs
Sunday & Public Holiday’s

CALL SUPPORT

0242-570570, 0242-570169
09200664, +263 8644140602

LOCATION

18443, Cranborne Avenue, Hatfield, Harare

Other Links


©2021 | CUZ Library